00993 2200193 4500245003800000020002200038250001100060100002000071700001900091650002900110650002400139005001900163260003000182041001400212084001100226300002600237500052700263336000900790 aCuma RinducAtalia PraratyahText a978-623-7478-53-9 aCet. 1 aAtalia Praratya aAyu Prameswary aBiografi Tokoh Laki-laki aEmmeril Khan Mumtaz a20240115082950 aJakartabTim ESENSIc2023 aIndonesia a920.71 aix, 89 hlm. :c21 cm. aSiapakah Eril?Keistimewaan apa yang dia miliki sehingga jasadnya harum dan kepulangannya menyedot perhatian masyarakat yang begitu banyak dari dalam dan luar negeri? Menjadi headline di berbagai media, dengan jutaan ungkapan belasungkawa dan karya berbentuk lagu, puisi, lukisan, benda seni, karangan bunga, hingga tak terhitung pasang mata yang menyaksikan melalui televisi atau berbondong-bondong menunggu mobil jenazah lewat di spanjang jalan sejauh 42 km menuju tempatnya dikebumikan di Desa Cimaung, Kabupaten Bandung atext